| 000 | 00844cam a2200289I 4500 | ||
|---|---|---|---|
| 999 |
_c8159 _d8159 |
||
| 001 | 8159 | ||
| 003 | BD - JhCC | ||
| 005 | 20180718192848.0 | ||
| 008 | 750324s1967 nyua b 000 0 eng | ||
| 035 | _a(BD - JhCC)8159 | ||
| 035 | _a(OCoLC)01233825 | ||
| 035 | _aGLIS00157091 | ||
| 040 |
_aDLC _cWSU _dSER _dMYG _dBD - JhCC |
||
| 041 | _aeng | ||
| 082 |
_bROY 1967 _a539.7 |
||
| 090 |
_aQC173 _b.R888 |
||
| 099 | _aQC173.R888 | ||
| 100 | 1 |
_aRoy, R. R. _q(Radha Raman), _d1921- |
|
| 245 | 1 | 0 |
_aNuclear physics: _btheory and experiment / _c[by] R. R. Roy and B. P. Nigam. |
| 260 |
_aNew Delhi : _bNew Age International, _c[1967] |
||
| 300 |
_axii, 616 p. _billus. _c24 cm. |
||
| 504 | _aIncludes bibliographies. | ||
| 650 | 0 | _aNuclear physics. | |
| 700 | 1 | _aNigam, B. P. | |
| 942 |
_2ddc _cBK |
||